| Tag |
First Indicator |
Second Indicator |
Subfields |
| LEADER |
00000cam a2200000 4500 |
| 001 |
in00000031812 |
| 005 |
20151007063126.0 |
| 008 |
711118s1964 cou 00010 eng u |
| 010 |
|
|
|a 64016116
|
| 035 |
|
|
|a (OCoLC)00172903
|
| 035 |
|
|
|9 AAD6622AM
|
| 040 |
|
|
|c OUN
|d TXA
|d UtOrBLW
|
| 049 |
|
|
|a TXAM
|c [476274]
|
| 050 |
|
0 |
|a PS3505.U435
|b J6
|
| 092 |
|
|
|a 811
|b C973j
|
| 100 |
1 |
|
|a Cunningham, J. V.
|q (James Vincent),
|d 1911-1985.
|
| 245 |
1 |
4 |
|a The journal of John Cardan, together with The quest of the opal and The problem of form /
|c by J. V. Cunningham.
|
| 264 |
|
1 |
|a Denver :
|b A. Swallow,
|c [1964]
|
| 300 |
|
|
|a 56 pages ;
|c 23 cm.
|
| 336 |
|
|
|a text
|b txt
|2 rdacontent
|
| 337 |
|
|
|a unmediated
|b n
|2 rdamedia
|
| 338 |
|
|
|a volume
|b nc
|2 rdacarrier
|
| 500 |
|
|
|a "The poems, selected from [the author's] The Helmsman and The judge is fury": pages 41-56.
|
| 740 |
4 |
|
|a The quest of the opal.
|
| 740 |
4 |
|
|a The problem of form.
|
| 999 |
|
|
|a MARS
|
| 999 |
f |
f |
|s dc0359b3-c114-3d2d-96e9-ca39cfe7dff6
|i 4691bfdf-ae2a-3172-afc4-40d0ed1ed254
|t 0
|
| 952 |
f |
f |
|p ric
|a Texas A&M University
|b Rellis Campus
|c Joint Library Facility
|d Remote Storage
|t 0
|e PS3505.U435 J6
|h Library of Congress classification
|i unmediated -- volume
|m A14801214489
|
| 998 |
f |
f |
|a PS3505.U435 J6
|t 0
|l Remote Storage
|